1097 1499 1241 1079 1503 1597 1185 1742 1487 1993 1759 1204 1400 1198 1383 1787 1689 1203 1794 1398 1954 1307 1078 1289 1328 1735 1241 1018 1652 1317 1299 1516 1390 1917 1001 1481 1309 1094 1838 1955 1665 1252 1629 1549 1488 1316 1971 1774 1551 1545 1005 1508 1815 1704 1987 1818 1347 1558 1341 1257 1974 1616 1406 1304 1080 1510 1875 1402 1621 1341 1763 1258 1228 1086 1924 1397 1918 1841 1403 1281 1994 1570 1809 1557 1076 1035 1056 1950 1111 1854 1381 1932 1264 1623 1918 1150 1695 1779 1692 BCNSPRNW ULIB Ver.6.0+V

เปลี่ยนเป็นภาษาไทย

Change to English
 แสดงรายละเอียดบรรณานุกรม
  กลับหน้าหลัก

Brief Record : Get Marc (ISO 2709) : E-mail record : QR code < ปิดหน้าต่าง
LEADER : 00000nam 2200000 a 4500
001    13399114511
003     ULIB
008    101228s2011 us 000 0 eng d
020    ^a9780323068604 (pbk. : alk. paper)
060 04 ^aQU145^bS341w
100 1  ^aSchlenker, Eleanor D.
245 10 ^aWilliams essentials of nutrition and diet therapy
246 30 ^aEssentials of nutrition and diet therapy
250    ^a10th ed. / Eleanor D. Schlenker, Sara Long
260    ^aSt. Louis, Mo. :^bElsevier/Mosby,^cc2011
504    ^aIncludes bibliographical references and index
650  2 ^aDiet Therapy
650  2 ^aNutritional Physiological Phenomena
700 1  ^aRoth, Sara Long
700 1  ^aWilliams, Sue Rodwell.^tEssentials of nutrition and diet
700 1  ^aSchlenker, Eleanor D.^tWilliams essentials of nutrition &
945    ^p0^l0^i031627
995    ^aKesorn
999 ^a ใช้งานได้ทุกระบบ
รายการนี้ยังไม่มีแท็ก
คุณยังไม่ได้ล็อกอิน คุณสามารถมีกิจกรรมร่วมกับเว็บไซต์ได้ แต่ต้องล็อกอินก่อน ::
  ล็อกอิน

รายการสื่อสารสนเทศ

ลำดับที่ ประเภท เลขเรียก/บาร์โค้ด สถานที่ สถานะ
- ไม่พบข้อมูล -

รายการใกล้เคียง
    ชื่อเรื่อง [Williams essentials of nutrition and diet therapy]

    ผู้แต่ง [Schlenker, Eleanor D.]

    หัวเรื่อง [Diet Therapy]
    หัวเรื่อง [Nutritional Physiological Phenomena]

BibComment


ยังไม่เคยถูกคอมเมนท์

คอมเมนท์ทรัพยากรรายการนี้
  คอมเมนท์: Williams essenti..


 Copyright 2026. Bcnsprnw @Library